El tren d'Olot : història del ferrocarril Olot-Girona / per Carles Salmerón i Bosch història del ferrocarril Olot-Girona / per Carles Salmerón i Bosch
Descripción Física:
165 p. : il. ; 24 cm
Colección:
Els trens de Catalunya ; 1
MARC
| LEADER | 00000nam a2200000Ia 4500 | ||
|---|---|---|---|
| 001 | 1451 | ||
| 008 | 160829s1984 xx 000 0 cat d | ||
| 080 | |a C-1-199 | ||
| 100 | |a Salmerón i Bosch, Carles |9 30813 | ||
| 245 | |a El tren d'Olot : |b història del ferrocarril Olot-Girona / per Carles Salmerón i Bosch | ||
| 260 | |a Barcelona : |b Términus, |c 1984 | ||
| 300 | |a 165 p. : |b il. ; |c 24 cm | ||
| 490 | |a Els trens de Catalunya ; 1 | ||
| 590 | |a Amb el patrocini de la Direcció General de Transports, Departament de Política Territorial i Obres Públiques de la Generalitat de Catalunya | ||
| 650 | |a Ferrocarrils |x Catalunya |x Història |9 47193 | ||
| 650 | |a Companyia del Ferrocarril d'Olot a Girona |9 30815 | ||
| 710 | |a Catalunya. |b Departament de Política Territorial i Obres Públiques |9 53042 | ||
| 901 | |a Arxiu | ||
| 942 | |n 1 | ||
| 952 | |0 0 |1 0 |4 0 |6 C1199 |7 1 |9 45534 |a Arxiu |b Arxiu |d 2016-12-01 |l 0 |o C-1-199 |p 1451 |r 2016-12-01 00:00:00 |w 2016-12-01 |y ARXIU | ||
| 999 | |c 48702 |d 48702 | ||